[Event "Challenge"]
[Site "http://www.queenalice.com/game.php?id=1844361"]
[Date "2024.9.27"]
[Round "-"]
[White "Racey"]
[Black "Rovigo"]
[Result "0-1"]
[WhiteElo "1538"]
[BlackElo "1468"]

1. e4 e5 2. Bc4 Nf6 3. Nc3 Bb4 4. Nd5 Nxd5 5. exd5 d6 6. a3 Ba5 7. b4 Bb6 8. a4
Qf6 9. Qe2 Bg4 10. f3 Bh5 11. Nh3 Na6 12. b5 Nb4 13. Bb3 e4 14. Qxe4+ Kd7 15.
Ra3 Bc5 16. g4 Nxc2+ 17. Bxc2 Bg6 18. Qc4 Bxc2 19. Qxc2 Bxa3 20. f4 Qa1 21. O-O
Bc5+ 22. Kg2 Qd4 23. Qb3 Qe4+ 24. Rf3 Qe2+ 25. Kg3 Qe1+ 26. Nf2 Bxf2+ 27. Rxf2
Qxc1 28. f5 Qg1+ 29. Kf3 h5 30. gxh5 Qg5 31. Ke4 Rxh5 32. Qg3 Re8+ 33. Kd3 c6
34. bxc6+ bxc6 35. Qf3 cxd5 36. Qxd5 Re5 37. Qxf7+ Re7 38. Qd5 Re5 39. Qb7+ Ke8
40. Qxa7 Rxf5 41. Qb8+ Qd8 42. Qxd8+ Kxd8 43. Re2 Ra5 44. Re6 Kd7 45. Rg6 Rh3+
46. Kc2 Rxa4 47. Rxg7+ Ke6 48. Rg2 Ra2+ 49. Kc1 Rf3 50. Kb1 Rfa3 51. h4 Ra1+ 52.
Kb2 R1a2+ 53. Kc1 Rh3 54. Kb1 Ra5 55. Rg6+ Kf7 56. Rxd6 Rxh4 57. Kc2 Rh3 58. d4
Ra2+ 59. Kb1 Rhh2 60. d5 Ke7 61. Re6+ Kd7 62. Rh6 Rhd2 63. Rc6 Ra5 64. Rc2 Rxc2
65. Kxc2 Kd6 66. Kc3 Kxd5 67. Kb4 Rc5 68. Kb3 Rb5+ 69. Ka4 Kc5 70. Ka3 Rb4 71.
Ka2 Kc4 72. Ka3 Rb6 73. Ka4 Ra6# 0-1

[Event "AUTO-INT-3894"]
[Site "http://www.queenalice.com/game.php?id=1844468"]
[Date "2024.9.29"]
[Round "1"]
[White "Kuroi"]
[Black "Racey"]
[Result "0-1"]
[WhiteElo "1507"]
[BlackElo "1553"]

1. d4 d5 2. Nc3 a5 3. Bf4 a4 4. Nf3 h5 5. Nb5 Na6 6. e3 h4 7. h3 Bf5 8. g4 Be4
9. Na3 Nb4 10. c3 Bxf3 11. Qxf3 Na6 12. Bg2 Qd7 13. Qxd5 c6 14. Qa5 b5 15. O-O-O
e6 16. Qb6 Ne7 0-1

[Event "AUTO-INT-3894"]
[Site "http://www.queenalice.com/game.php?id=1844469"]
[Date "2024.9.29"]
[Round "1"]
[White "Racey"]
[Black "Kuroi"]
[Result "1-0"]
[WhiteElo "1538"]
[BlackElo "1522"]

1. e4 e5 2. Qh5 Qf6 3. a4 Bc5 4. Nh3 d5 5. Bb5+ c6 6. Bd3 Bxh3 7. O-O Be6 8. g4
g6 9. Qh3 h5 10. Qg3 hxg4 11. Nc3 Rh3 12. Qg2 Qh4 13. a5 f5 14. exd5 cxd5 15.
Bb5+ 1-0

[Event "AUTO-INT-3894"]
[Site "http://www.queenalice.com/game.php?id=1844482"]
[Date "2024.9.29"]
[Round "1"]
[White "DAN1958"]
[Black "Racey"]
[Result "1-0"]
[WhiteElo "1458"]
[BlackElo "1542"]

1. e4 e5 2. Nf3 Qf6 3. c4 c5 4. d3 a5 5. a4 h5 6. Nc3 h4 7. h3 Rh5 8. Nd5 Qd6 9.
g4 Rh6 10. Bxh6 gxh6 11. Nxh4 Nc6 12. b3 Nb4 13. Nf5 Qc6 14. Nxb4 cxb4 15. f3
Bc5 16. Qd2 Bd4 17. Nxd4 exd4 18. Be2 Qf6 19. Rc1 Qh4+ 20. Kd1 Qg3 21. Kc2 Qh4
22. Rcg1 Qg5 23. Qxg5 hxg5 24. h4 f6 25. hxg5 fxg5 26. Rh5 Ne7 27. Rxg5 Ra6 28.
Rh1 Kf7 29. Rh7+ Kf6 30. Rc5 b6 31. Rf5+ Nxf5 32. gxf5 Kg5 33. Rg7+ Kf4 34. Rg4+
Ke3 35. Bd1 d6 36. Rg8 Bb7 37. Rd8 b5 38. cxb5 Ra8 39. Rxd6 Rh8 40. f6 Rh2+ 41.
Kc1 Kxd3 42. f7 Rh8 43. Re6 Rc8+ 44. Bc2+ Ke3 45. Re8 d3 46. Rxc8 Bxc8 47. f8=Q
dxc2 48. Qxc8 Kxf3 49. e5 Kf4 50. e6 Ke5 51. e7 Kd6 52. e8=Q Kd5 53. Qxc2 Kd6
54. Qcc6# 1-0

[Event "AUTO-INT-3894"]
[Site "http://www.queenalice.com/game.php?id=1844483"]
[Date "2024.9.29"]
[Round "1"]
[White "Racey"]
[Black "DAN1958"]
[Result "1-0"]
[WhiteElo "1523"]
[BlackElo "1502"]

1. e4 e5 2. Qh5 d6 3. Bc4 Qf6 4. b4 g6 5. Qe2 Nc6 6. b5 Nd4 7. Qd3 a6 8. bxa6
bxa6 9. Nc3 Rb8 10. h4 Rb6 11. Nd5 Qg7 12. Nxc7+ Kd7 13. Na8 Rb8 14. Bd5 Ne7 15.
Nf3 Nxf3+ 16. gxf3 Nc6 17. Bxc6+ Kxc6 18. Qd5+ Kd7 19. a4 Be7 20. a5 Bb7 21. Qc4
Bd8 22. Nb6+ Bxb6 23. axb6 Rbc8 24. Qb3 Rc6 25. c4 Rhc8 26. Qa4 Qf6 27. Rh3 Ke6
28. d3 Rxb6 29. Bg5 Qh8 30. Qa5 Rbc6 31. Rb1 R8c7 32. h5 Rc5 33. Qb4 Qc8 34. h6
Ba8 35. Ra1 Rb7 36. Qa3 Qc6 37. f4 f6 38. Qxa6 Rb8 39. Qa7 Qc7 40. f5+ gxf5 41.
exf5+ Kxf5 42. Be3 Rc6 43. Rf3+ Ke6 44. Rg3 Qxa7 45. Rxa7 Bb7 46. Rg7 Ra6 47.
Rgxb7 Rxb7 48. Rxb7 Ra1+ 49. Kd2 Ra2+ 50. Kc3 Ra3+ 51. Kc2 Kf5 52. Rxh7 Kg6 53.
Rd7 Ra1 54. Rxd6 Ra7 55. c5 Rc7 56. c6 Ra7 57. Bxa7 Kxh6 58. Rxf6+ Kg5 59. Re6
1-0

[Event "AUTO-INT-3894"]
[Site "http://www.queenalice.com/game.php?id=1844490"]
[Date "2024.9.29"]
[Round "1"]
[White "victor_lobo"]
[Black "Racey"]
[Result "1-0"]
[WhiteElo "1550"]
[BlackElo "1554"]

1. e4 e5 2. Qf3 g5 3. Bc4 Nh6 4. d3 c5 5. g4 Qa5+ 6. c3 d6 7. Bxg5 Qc7 8. Bxh6
Bxh6 9. Qf6 Bxg4 10. Qxh8+ Bf8 11. Ne2 Bxe2 12. Kxe2 h6 13. Rg1 Nc6 14. Rg8 Ke7
15. Qh7 Nd8 16. Qh8 Nc6 17. Nd2 Qb6 18. Rb1 a5 19. Bxf7 Kxf7 20. Qh7+ Ke8 21.
Qg6+ Ke7 22. Rh8 Re8 23. Nc4 Qa7 24. Qxd6+ Kf7 25. Rh7+ Bg7 26. Rg1 Re7 27.
Rhxg7+ Ke8 28. Rg8+ Kf7 29. R1g7# 1-0

[Event "AUTO-INT-3894"]
[Site "http://www.queenalice.com/game.php?id=1844491"]
[Date "2024.9.29"]
[Round "1"]
[White "Racey"]
[Black "victor_lobo"]
[Result "0-1"]
[WhiteElo "1556"]
[BlackElo "1610"]

1. e4 e5 2. Qh5 Qf6 3. a4 Bc5 4. Nh3 d6 5. Bb5+ c6 6. Bc4 Bxh3 7. Qxh3 Nd7 8. f3
O-O-O 9. a5 a6 10. g4 Nb8 11. Qh5 g6 12. Qh3 d5 13. exd5 Rd7 14. Nc3 Ne7 15. Ne4
Qg7 16. d6 Bxd6 17. Ng5 Nd5 18. Bxd5 cxd5 19. Qf1 h6 20. Nh3 Rc7 21. Qd3 Rc5 22.
b4 Rb5 23. c4 Rxb4 24. cxd5 e4 25. Qc3+ Qxc3 26. dxc3 Rc4 27. Bd2 exf3 28. Ng1
Re8+ 29. Kf2 Re5 30. Nxf3 Bc5+ 31. Kg3 f5 32. Nxe5 Bd6 33. Rhe1 Nd7 34. Bxh6
Bxe5+ 35. Rxe5 Nxe5 36. g5 f4+ 37. Kf2 Rxc3 38. Bg7 Rc2+ 39. Kg1 Nf3+ 40. Kf1
Rxh2 41. Rc1+ Kb8 42. Be5+ Nxe5 43. d6 Rh1+ 44. Kg2 Rxc1 45. Kh3 Rg1 46. d7 Nxd7
47. Kh2 Rxg5 48. Kh3 f3 49. Kh4 Rg1 50. Kh3 f2 51. Kh2 Rg5 52. Kh3 f1=Q+ 53. Kh4
Qf4+ 54. Kh3 Qg3# 0-1

[Event "Challenge"]
[Site "http://www.queenalice.com/game.php?id=1844504"]
[Date "2024.9.29"]
[Round "-"]
[White "Racey"]
[Black "dejami"]
[Result "0-1"]
[WhiteElo "1499"]
[BlackElo "1666"]

1. e4 e5 2. Qh5 Qf6 3. g4 Qf4 4. Nc3 g6 5. Qh4 g5 6. Qh5 Nf6 7. Qh3 Nxe4 8. Nf3
Nxc3 9. dxc3 Qe4+ 10. Kd1 f6 11. Bd3 Qd5 12. c4 Qc5 13. Be3 Qd6 14. c5 Qd5 15.
b4 e4 16. Qh5+ Kd8 17. Ne1 exd3 18. Rg1 dxc2+ 19. Kxc2 Qc4+ 20. Kd1 Qxb4 21. Nd3
Qc3 22. Ke2 b6 23. Rgc1 Qa3 24. cxb6 axb6 25. h4 Ba6 26. Rd1 c5 27. Rd2 Nc6 28.
hxg5 Nb4 29. gxf6 Bxd3+ 30. Rxd3 Qxd3+ 31. Kf3 d5 32. a4 d4 33. g5 dxe3 34. fxe3
Qd5+ 35. e4 Qd3+ 36. Kf4 Qd2+ 37. Ke5 Nd3+ 38. Kd5 Nf4+ 39. Kc6 Nxh5 40. Kxb6
Qb4+ 41. Kc6 Qxe4+ 42. Kb5 Qb4+ 43. Kc6 Rc8+ 44. Kd5 Nf4+ 45. Ke5 Nd3+ 46. Kf5
Rc6 47. f7 Qf4# 0-1

[Event "Challenge"]
[Site "http://www.queenalice.com/game.php?id=1844505"]
[Date "2024.9.29"]
[Round "-"]
[White "dejami"]
[Black "Racey"]
[Result "1-0"]
[WhiteElo "1599"]
[BlackElo "1511"]

1. e4 e5 2. Bc4 Qh4 3. Qf3 Bb4 4. Qxf7+ Kd8 5. Qxg7 Qf6 6. Qg3 Ne7 7. c3 Bc5 8.
d3 h5 9. h4 a5 10. Bg5 Qf8 11. Nf3 Bd6 12. Nbd2 c5 13. Nxe5 Bxe5 14. Qxe5 Nc6
15. Qxc5 d6 16. Qb6+ Kd7 17. Nb3 a4 18. Nd2 Ne5 19. Nf3 a3 20. b3 N7c6 21. Qe3
Ra5 22. d4 Ng6 23. d5 Nce5 24. Qb6 Rc5 25. Nd4 Rxc4 26. bxc4 Nd3+ 27. Ke2 Nc5
28. Rh3 Nxe4 29. Rf3 Qe8 30. Ne6 Qxe6 31. dxe6+ Kxe6 32. c5 Rf8 33. cxd6 Nxd6
34. Rd1 Kd7 35. Qxd6+ Ke8 36. Qd8# 1-0

[Event "Challenge"]
[Site "http://www.queenalice.com/game.php?id=1844712"]
[Date "2024.10.4"]
[Round "-"]
[White "Mr_SPOCK"]
[Black "Racey"]
[Result "1-0"]
[WhiteElo "1703"]
[BlackElo "1567"]

1. e4 e5 2. Bc4 Qh4 3. Qf3 Nh6 4. d3 Nc6 5. Bxh6 Qxh6 6. Nd2 Nd4 7. Qxf7+ Kd8 8.
O-O-O b5 9. Bd5 c6 10. Bb3 a5 11. a4 b4 12. g3 Ba6 13. c3 Ne6 14. Qf3 Ng5 15.
Qf5 Bxd3 16. Bc4 Nxe4 17. Bxd3 Nxd2 18. Rxd2 Bd6 19. Be4 b3 20. h4 Rf8 21. Qg5+
Qxg5 22. hxg5 Rh8 23. Rxd6 Kc7 24. Rd3 Raf8 25. f3 h5 26. gxh6 gxh6 27. c4 Rfg8
28. Rh3 h5 29. Bf5 Rg7 30. g4 d6 31. Rxb3 h4 32. Ne2 d5 33. cxd5 cxd5 34. Nc3 d4
35. Nd5+ Kc6 36. Rb5 Ra7 37. f4 Kd6 38. fxe5+ Kxe5 39. Rf3 h3 40. Ne3+ Kf6 41.
g5+ Kxg5 42. Bxh3+ Kh4 43. Ng2# 1-0

[Event "Challenge"]
[Site "http://www.queenalice.com/game.php?id=1847635"]
[Date "2024.11.23"]
[Round "-"]
[White "Racey"]
[Black "Mr_SPOCK"]
[Result "0-1"]
[WhiteElo "1519"]
[BlackElo "1711"]

1. e4 e5 2. Bc4 Bc5 3. Qh5 d5 4. Qxe5+ Ne7 5. exd5 O-O 6. d4 Nec6 7. dxc6 Re8 8.
Bg5 Rxe5+ 9. dxe5 Qxg5 10. cxb7 Bxb7 11. g3 Qc1+ 12. Ke2 Bxh1 13. Nh3 Qxb2 14.
Bd5 Bxd5 15. Nf4 Qxe5+ 16. Kf1 Bc4+ 17. Kg2 Qxa1 18. Nd2 Qd4 19. Nf3 Qxf2+ 20.
Kh3 Qf1+ 21. Kg4 h5+ 22. Nxh5 Be6+ 23. Kf4 g5+ 24. Kxg5 Be3+ 25. Kf6 Qxf3+ 26.
Nf4 Bxf4 27. gxf4 Qxf4+ 28. Ke7 Nc6# 0-1

[Event "Challenge"]
[Site "http://www.queenalice.com/game.php?id=1850857"]
[Date "2025.1.24"]
[Round "-"]
[White "Mr_SPOCK"]
[Black "Racey"]
[Result "1-0"]
[WhiteElo "1647"]
[BlackElo "1490"]

1. e4 e5 2. Qh5 Qf6 3. Nc3 Bc5 4. Nh3 g6 5. Qe2 h5 6. Nd5 Qd6 7. Ng5 Nc6 8. Qf3
Nh6 9. Nf6+ Ke7 10. Nd5+ Kf8 11. d3 b5 12. h3 a5 13. b3 Nd4 14. Qd1 b4 15. Ne3
Qf6 16. Nd5 Qc6 17. g4 h4 18. Bb2 f5 19. gxf5 gxf5 20. Bg2 f4 21. O-O a4 22. c3
Ne6 23. Qh5 axb3 24. cxb4 Bd4 25. Bxd4 exd4 26. Rfc1 Qb7 27. axb3 Ng7 28. Qg6
Ra6 29. Rxa6 Qxa6 30. Nf6 Qd6 31. Ngh7+ Rxh7 32. e5 Qxe5 33. Bd5 Rh8 34. Bb7 Qe7
35. Bxc8 d6 36. Kf1 Qd8 37. Bb7 Nhf5 38. Qg5 f3 39. Nh7+ Ke8 40. Re1+ Kd7 41.
Nf6+ Qxf6 42. Qxf6 d5 43. Qc6+ Kd8 44. Qxd5+ Nd6 45. Qg5+ Kd7 46. Qe7# 1-0

[Event "Challenge"]
[Site "http://www.queenalice.com/game.php?id=1856554"]
[Date "2025.5.2"]
[Round "-"]
[White "Racey"]
[Black "Mr_SPOCK"]
[Result "0-1"]
[WhiteElo "1480"]
[BlackElo "1656"]

1. e4 e5 2. Qh5 Nc6 3. h4 g6 4. Qf3 Nd4 5. Qc3 Nf6 6. Bd3 Bg7 7. b4 O-O 8. a4 a6
9. Na3 d5 10. f3 Bd7 11. a5 b6 12. axb6 cxb6 13. Ne2 Rc8 14. Qb2 dxe4 15. fxe4
b5 16. Nxd4 Ng4 17. Nf3 Qb6 18. Rf1 Nf6 19. Nxe5 Be6 20. Nf3 Nxe4 21. c3 Rxc3
22. dxc3 Bf5 23. Bd2 Re8 24. O-O-O Rc8 25. Nb1 a5 26. bxa5 Qxa5 0-1

[Event "AUTO-INT-3938"]
[Site "http://www.queenalice.com/game.php?id=1859386"]
[Date "2025.7.5"]
[Round "1"]
[White "Kn1ght1962"]
[Black "Racey"]
[Result "1-0"]
[WhiteElo "1628"]
[BlackElo "1487"]

1. e4 e5 2. d3 Bc5 3. Qf3 g5 4. h3 Bb4+ 5. c3 Bc5 6. Nd2 h5 7. d4 exd4 8. Bc4
Nh6 9. Qxh5 d3 10. Ngf3 Be7 11. Nd4 Bc5 12. Nf5 Qf6 13. Nf3 Nxf5 14. Bxf7+ Ke7
15. Qg4 Nh6 16. Qg3 Kxf7 17. O-O Re8 18. Bxg5 Qe6 19. Rfe1 b5 20. Qf4+ Kg7 21.
Rad1 Qd6 22. e5 Qe6 23. Bf6+ Kh7 24. Ng5+ Kg6 25. Nxe6 Rg8 26. Nxc5 a5 27. Qg5+
Kh7 28. Qh5 d5 29. e6 c6 30. e7 Nd7 31. e8=Q Rxe8 32. Rxe8 Nxf6 33. Re7+ Kg8 34.
Qxh6 Ne8 35. Qg6+ Kf8 36. Qxe8# 1-0

[Event "AUTO-INT-3938"]
[Site "http://www.queenalice.com/game.php?id=1859387"]
[Date "2025.7.5"]
[Round "1"]
[White "Racey"]
[Black "Kn1ght1962"]
[Result "0-1"]
[WhiteElo "1477"]
[BlackElo "1683"]

1. e4 e5 2. Qh5 Nf6 3. Qxe5+ Be7 4. h4 a6 5. h5 h6 6. d4 O-O 7. c4 Re8 8. c5 b6
9. b4 bxc5 10. bxc5 Nxe4 11. Qxe4 Bxc5 12. Bd3 Rxe4+ 13. Bxe4 Bxd4 14. Bxa8 Qe7+
15. Ne2 Bxa1 16. Ba3 Qg5 17. f4 Qxg2 18. Rg1 Qxa8 19. f5 Qe4 20. Nd2 Bc3 21. f6
g6 22. Rg3 d6 23. Rxc3 Qh1+ 24. Kf2 Qxh5 25. Rxc7 Qf5+ 26. Nf3 Be6 27. Bxd6 Qa5
28. Rc8+ Bxc8 29. Bxb8 Qxa2 30. Ne5 Qb2 31. Bd6 a5 32. Ke3 Qb6+ 33. Ke4 Qxd6 34.
Nd4 Bb7+ 35. Ndc6 Bxc6+ 36. Nxc6 Qxc6+ 37. Ke5 a4 38. Kd4 a3 0-1

[Event "AUTO-INT-3938"]
[Site "http://www.queenalice.com/game.php?id=1859404"]
[Date "2025.7.5"]
[Round "1"]
[White "Racey"]
[Black "Carlos19"]
[Result "0-1"]
[WhiteElo "1498"]
[BlackElo "1623"]

1. e4 e5 2. Bc4 Nf6 3. Qf3 d6 4. b4 a6 5. a4 h5 6. a5 c6 7. h4 Bg4 8. Qe3 d5 9.
Bd3 d4 10. Qg3 Bxb4 11. Qxe5+ Be7 12. Qg5 Nxe4 13. Qe5 Nd6 14. Qxd4 Bf6 15. Qe3+
Kd7 16. Ra4 Re8 17. Be4 Kc7 18. Ba3 Be5 19. f4 Bf6 20. Bxd6+ Kxd6 21. c4 Kc7 22.
g3 Qd4 23. Qxd4 Bxd4 24. d3 Bxg1 25. Rxg1 f5 26. Nd2 fxe4 27. dxe4 Nd7 28. Kf2
Nc5 29. Ra3 Nxe4+ 30. Ke3 Nxg3+ 31. Kd3 Ne2 32. Rf1 Rad8+ 33. Kc2 c5 34. Nb3
Nd4+ 35. Kc3 Re3+ 36. Kb2 Nxb3 37. Rxb3 Re4 38. f5 Rf8 39. Kc3 Bxf5 40. Rg1 g6
41. Rb6 Rxh4 42. Re1 Re4 43. Rd1 h4 44. Rd5 Be6 45. Rxc5+ Kb8 46. Kd3 Bf5 47.
Rd5 Rc8 48. c5 Ra4+ 49. Ke3 Rxa5 50. Kf4 Raxc5 51. Rd1 Rc4+ 52. Kg5 Rg4+ 53. Kh6
h3 54. Rh1 Rh8+ 55. Kg7 Rgh4 56. Kf6 Rc8 57. Kg5 Rg4+ 58. Kf6 Rgc4 59. Rxh3 Bxh3
60. Kxg6 R4c6+ 61. Rxc6 Rxc6+ 62. Kg5 b5 63. Kh4 Bc8 64. Kg5 b4 65. Kf4 b3 66.
Ke5 b2 67. Kd5 Bb7 68. Kd4 b1=Q 69. Kd5 Qd1+ 70. Ke4 Rc8+ 71. Ke5 Re8+ 72. Kf6
Qf1+ 73. Kg7 Re2 74. Kh6 Rg2 75. Kh5 Qh1# 0-1

[Event "AUTO-INT-3938"]
[Site "http://www.queenalice.com/game.php?id=1859405"]
[Date "2025.7.5"]
[Round "1"]
[White "Carlos19"]
[Black "Racey"]
[Result "0-1"]
[WhiteElo "1616"]
[BlackElo "1487"]

1. e4 e5 2. Nf3 Bd6 3. Bc4 g5 4. d3 h6 5. Nc3 g4 6. Nd2 h5 7. O-O h4 8. f3 g3 9.
h3 c5 10. a4 a5 11. Nd5 Nc6 12. Bb5 Nd4 13. c3 Ne6 14. c4 Nf4 15. Qc2 Ne2+ 16.
Kh1 Nd4 17. Qc3 Ne2 18. Qc2 Nf6 19. Nb3 Nd4 20. Nxd4 exd4 21. Bg5 Be7 22. e5
Nxd5 23. Bxe7 Nxe7 24. f4 Nf5 25. Rae1 O-O 26. b3 d5 27. exd6 Nxd6 28. Re5 b6
29. Rg5+ Kh7 30. Qe2 Qf6 31. Qh5+ Qh6 32. Qf3 Bb7 33. Qh5 f5 34. Bd7 Qxh5 35.
Rxh5+ Kg6 36. Rxh4 Rad8 37. Be6 Rde8 38. Bd7 Re7 39. Bb5 Re2 40. Bd7 Bxg2+ 41.
Kg1 Rd8 42. Bxf5+ Kxf5 43. Rd1 Rb2 44. Rc1 Bc6 45. Re1 Rxb3 46. Re5+ Kf6 47.
Rh6+ Kf7 48. Ree6 Rb1+ 49. Re1 Rxe1# 0-1

[Event "AUTO-INT-3938"]
[Site "http://www.queenalice.com/game.php?id=1859406"]
[Date "2025.7.5"]
[Round "1"]
[White "Racey"]
[Black "juim"]
[Result "1-0"]
[WhiteElo "1461"]
[BlackElo "1707"]

1. e4 d5 2. e5 e6 3. h4 Bc5 4. g4 Nh6 5. g5 Nf5 6. Bb5+ Bd7 7. a4 Nd4 8. Bd3 Qe7
9. f4 Bc6 10. h5 Nd7 11. Nc3 Bb4 12. Nce2 O-O-O 13. Nxd4 Qe8 14. Ngf3 f6 15. h6
Qf7 16. a5 a6 17. exf6 Nxf6 18. gxf6 Qxf6 19. hxg7 Qxg7 20. Nxe6 Qg3+ 21. Ke2
Rde8 22. f5 Reg8 23. c3 Bd6 24. f6 d4 25. Nfxd4 Bxh1 26. Qxh1 Be5 27. Nf5 Qg4+
28. Qf3 Qg1 29. Nfg7 h5 30. Bf5 Bxf6 31. Nc5+ Kd8 32. Nxb7+ Ke7 33. Qe4+ Kf7 34.
Ne6 Rg2+ 35. Kd3 Qf1+ 36. Kc2 Re8 37. Nbc5 Re2 38. Qc4 Rxd2+ 39. Bxd2 Qxf5+ 40.
Kb3 Kg6 41. Nxc7 Rc8 42. Rg1+ Bg5 43. Rxg5+ Kh7 44. Rxf5 Rxc7 45. Rxh5+ Kg6 46.
Qg4+ Kf6 47. Qf5+ Ke7 48. Qe6+ Kf8 49. Rf5+ Kg7 50. Qf6+ Kg8 51. Qg6+ Rg7 52.
Qxa6 Rg2 53. Qc8+ Kg7 54. Qd7+ Kg6 55. Qf7# 1-0

[Event "AUTO-INT-3938"]
[Site "http://www.queenalice.com/game.php?id=1859407"]
[Date "2025.7.5"]
[Round "1"]
[White "juim"]
[Black "Racey"]
[Result "1-0"]
[WhiteElo "1615"]
[BlackElo "1471"]

1. e4 e5 2. d4 Bd6 3. dxe5 Bxe5 4. Nf3 Bd6 5. e5 Bb4+ 6. Bd2 Bc5 7. Bc4 d5 8.
Bd3 h5 9. O-O h4 10. h3 a5 11. Nc3 Nc6 12. Bb5 d4 13. Ne4 Be7 14. Bxc6+ bxc6 15.
Bf4 c5 16. Ned2 g5 17. Nxg5 Bxg5 18. Bxg5 Qxg5 19. Nf3 Qf4 20. Re1 Rb8 21. Qd3
Bf5 22. Qc4 Rxb2 23. Qa4+ Ke7 24. Qc6 Kd8 25. Qxc5 Rxc2 26. Qd5+ Bd7 27. e6 fxe6
28. Rxe6 Rc1+ 29. Rxc1 Qxc1+ 30. Kh2 c5 31. Ne5 Rh7 32. Qa8+ Bc8 33. Qxa5+ Rc7
34. Rd6+ Bd7 35. Rxd7+ Ke8 36. Qa8+ Rc8 37. Qxc8# 1-0

[Event "AUTO-INT-3964"]
[Site "http://www.queenalice.com/game.php?id=1871067"]
[Date "2026.3.27"]
[Round "1"]
[White "Racey"]
[Black "game"]
[Result "0-1"]
[WhiteElo "1465"]
[BlackElo "1697"]

1. e4 d6 2. Bc4 g6 3. Qf3 Nf6 4. d4 Nc6 5. d5 Na5 6. Nd2 e6 7. b4 Nxc4 8. Nxc4
Bg7 9. g4 Nd7 10. Rb1 exd5 11. exd5 Ne5 12. Nxe5 Bxe5 13. h4 Bd7 14. b5 O-O 15.
g5 b6 16. c4 Qe7 17. a4 Bc3+ 18. Kf1 Qe1+ 19. Kg2 Bf5 20. Kg3 Be5+ 21. Kg2 Be4
22. Rh3 Bxf3+ 23. Nxf3 Qe4 24. Rb4 Qg4+ 25. Rg3 Bxg3 26. fxg3 Rae8 27. Rb2 Qxc4
28. Bf4 Re2+ 29. Rxe2 Qxe2+ 30. Kh3 Qxf3 31. Bd2 f5 32. Bf4 Qh1# 0-1